00445nam a2200133Ia 4500008004100000082001800041100002200059245004300081260004000124300000900164942001200173999001900185952010700204210430s9999 xx 000 0 und d a671.52 W466 W aKlas Weman954009 aWelding Processes HandbookcKlas Weman aNew yorkbWoodhead Publishingc2005 a193p cBK2ddc c564434d564434 001040708NFICaSCMEbSCMEcGENd0000-00-00l0o671.52 W466 WpSCME-3645r2021-04-30w2021-04-30yBK